| 000 | 00775nam0a22002651 4500 | ||
|---|---|---|---|
| 001 | 2559449 | ||
| 005 | 20251118181720.4 | ||
| 021 |
_aRU _b81-4126 |
||
| 035 | _a(NLR Aleph) 006444711 | ||
| 090 |
_a5676749 _c5676749 |
||
| 100 | _a20110316d1979 u y0rusy50 ca | ||
| 101 | 1 |
_arus _ager _crus |
|
| 102 | _aRU | ||
| 105 | _aac z ||||| | ||
| 200 | 1 |
_aNeues Werden _eLyrik. Sprüche. Fabeln _fEwald Katzenstein |
|
| 210 |
_aBarnaul _cAltaier Buchverl. _d1979 |
||
| 215 |
_a111 с. _cил., портр. _d20 |
||
| 686 |
_aШ5(2=Нем)7-65я44 _2rubbk |
||
| 700 | 1 |
_aКаценштейн _bЭ.Э. _gЭвальд Эмильевич |
|
| 801 | 0 |
_aRU _bNLR _gpsbo |
|
| 801 | 1 |
_aRU _bELAR _2rusmarc |
|
| 852 |
_aNLR _jDesideratum |
||
| 899 |
_aRuMoRGB _jM 81-14/24 |
||
| 942 | _cBOOK | ||
| 980 | _aNB | ||